| 000 | 00804nam a22002297a 4500 | ||
|---|---|---|---|
| 003 | BD-DhJNU | ||
| 005 | 20250624044752.0 | ||
| 008 | 250624b |||||||| |||| 00| 0 eng d | ||
| 020 | _a9781349712922 | ||
| 040 |
_aBD-DhJNU _bENG _cBD-DhJNU _dBD-DhJNU |
||
| 082 |
_223 _a320.95492 ISG |
||
| 100 | _aIslam, S. Nazrul | ||
| 245 |
_aGovernance for development : _bpolitical and administrative reforms in Bangladesh / _cS. Nazrul Islam |
||
| 260 |
_aLondon : _bPalgrave Macmillan, _c2016. |
||
| 300 |
_axiv, 276p. : _bill. ; _c22 cm. |
||
| 504 | _aIncludes bibliographical references and index | ||
| 650 |
_aDemocracy _xBangladesh |
||
| 650 |
_aPolitical planning _xBangladesh |
||
| 650 |
_aPublic administration _x Bangladesh |
||
| 650 |
_aBangladesh _xPolitics and government |
||
| 942 |
_2ddc _cBK _n0 |
||
| 999 |
_c1816 _d1816 |
||